Les footballeurs retraités (photo) - Statistiques

Statistiques générales
  • Ce quiz a été pris 362 fois
  • Le résultat moyen est 27 sur 32
Statistiques - réponses
Par images Réponse % Correct
Zinedine Zidane
100%
Zlatan Ibrahimovic
96%
Ronaldo
95%
Thierry Henry
95%
Diego Maradona
94%
Gareth Bale
94%
Pelé
94%
Xavi
93%
David Beckham
92%
Gianluigi Buffon
92%
Ronaldinho
92%
Gérard Piqué
91%
Wayne Rooney
91%
Johan Cruyff
90%
Samuel Eto'o
90%
Sergio Aguero
90%
Arjen Robben
88%
Luis Figo
88%
Paolo Maldini
88%
Kaka
87%
Roberto Carlos
87%
Ruud Gullit
85%
Steven Gerrard
84%
Eusebio
83%
Roberto Baggio
74%
Gerd Müller
72%
Garrincha
68%
Ferenc Puskas
67%
Fabio Cannavaro
63%
Lothar Matthaus
57%
Lev Yachine
55%
Marco van Basten
55%
Aucun quiz correspondant
Distribution des résultats
% des personnes avec chaque résultat
Percentile par nombre de réponses
Votre historique - résultats
Vous n’avez pas pris ce quiz